METHODOLOGY for the fifty hectare research plot at Pasoh Forest Reserve

Bibliographic Details
Corporate Author: Institut Penyelidikan Perhutanan Malaysia (FRIM)
Other Authors: Chan, Manokaran
Format: Book
Published: Kuala Lumpur : Institut Penyelidikan Perhutanan Malaysia , 1990
Series:Research pamphlet ; no. 104
Subjects:

MARC

LEADER 00000cam a2200000 7i4500
001 0000003066
005 20040427.0
090 0 0 |a RP634.9595117   |b MET 1990 
245 0 0 |a METHODOLOGY for the fifty hectare research plot at Pasoh Forest Reserve   |c by N. Manokaran ... (et al.); edited by H. T. Chan 
260 0 0 |a Kuala Lumpur :   |b Institut Penyelidikan Perhutanan Malaysia ,   |c 1990 
300 |a 69 p. :   |b ill. ;   |c 30 cm. 
440 0 0 |a Research pamphlet ; no. 104 
650 0 0 |a Forests and forestry   |z Pasoh, Negeri Sembilan 
700 0 1 |a Chan   |h H. T. 
700 0 1 |a Manokaran   |h N. 
710 1 1 |a Institut Penyelidikan Perhutanan Malaysia (FRIM) 
998 |a JPSM 
999 |a 0000005399   |b Monograph   |c Open Shelf   |e Default branch 
999 |a 0000005400   |b Monograph   |c Open Shelf   |e Default branch 
999 |a 0000005401   |b Monograph   |c Open Shelf   |e Default branch